000
00336 a2200169 4500
001
184122
020
_a
978-85-08-08298-8
040
_c
Magnum
100
_a
Paes, Jose Paulo
240
1
0
_a
Poesias
_l
por
245
1
0
_a
Poesias
300
_a
62
362
0
_a
2010
440
1
_a
Ática
697
_a
LITERATURA JUVENIL
942
_c
BK
999
_c
184122
_d
184122